MARC details
| 000 -CABECERA |
| campo de control de longitud fija |
02476nab a2200337 a 4500 |
| 005 - FECHA Y HORA DE LA ÚLTIMA TRANSACCIÓN |
| campo de control |
20260110063927.0 |
| 008 - ELEMENTOS DE LONGITUD FIJA--INFORMACIÓN GENERAL |
| campo de control de longitud fija |
991125c2015 sp fr p o 000 0 spa d |
| 035 ## - NÚMERO DE CONTROL DEL SISTEMA |
| Número de control de sistema |
UPN01000212069 |
| 040 ## - FUENTE DE LA CATALOGACIÓN |
| Centro catalogador/agencia de origen |
UPN |
| Lengua de catalogación |
spa |
| Centro/agencia transcriptor |
UPN |
| Normas de descripción |
aacr2 |
| 049 ## - COLECCIÓN |
| Colección |
ART-E |
| 100 1# - ASIENTO PRINCIPAL--NOMBRE PERSONAL |
| Nombre de persona |
Hernández Martín, Azucena |
| 100 1# - ASIENTO PRINCIPAL--NOMBRE PERSONAL |
| Filiación |
azuher@usal.es |
| 100 1# - ASIENTO PRINCIPAL--NOMBRE PERSONAL |
| Nombre de persona |
Casillas Martín, Sonia |
| 100 1# - ASIENTO PRINCIPAL--NOMBRE PERSONAL |
| Filiación |
scasillasma@usal.es |
| 100 1# - ASIENTO PRINCIPAL--NOMBRE PERSONAL |
| Nombre de persona |
Cabezas González, Marcos |
| 100 1# - ASIENTO PRINCIPAL--NOMBRE PERSONAL |
| Filiación |
mcabezasgo@usal.es |
| 245 10 - MENCIÓN DE TÍTULO |
| Título |
Calidad de las tareas e interés de los recursos digitales en proyectos de trabajo colaborativo con TIC. Estudio de casos en Castilla y León |
| 506 0# - NOTA DE RESTRICCIONES AL ACCESO |
| Limitaciones de acceso |
Acceso abierto |
| 520 3# - NOTA DE RESUMEN, ETC. |
| Sumario, etc. |
El presente trabajo da a conocer una parte de la investigación que lleva por título “Aprendizaje colaborativo a través de las Tecnologías de la Información y Comunicación (TIC) en el contexto de la Escuela 2.0”, financiada por el Ministerio de Ciencia e Innovación EDU2011 - 28071, y desarrollada entre los años 2012 - 2015 por el grupo de investigación GITE - USAL de la Universidad de Salamanca. En el contexto general de dicha investigación nos propusimos conocer las concepciones que los profesores de tercer ciclo de Primaria y primer ciclo de Educación Secundaria Obligatoria de centros de Castilla y León, con altas prestaciones tecnológicas, tienen sobre la metodología de aprendizaje colaborativo; las experiencias de trabajo colaborativo mediante las TIC que desarrollan en el aula, y las actividades de este tipo que realizan con otros compañeros, orientadas a su desarrollo profesional. En este trabajo, a través de una metodología de estudio de casos, llevado a cabo en ocho centros educativos de la Comunidad de Castilla y León, profundizamos en la calidad de las tareas e interés de los recursos digitales en los centros objeto de estudio. |
| 650 #4 - ASIENTO SECUNDARIO DE MATERIA - TERMINO TEMATICO |
| Término de materia o nombre geográfico como elemento de entrada |
Tecnologías de la información y comunicación |
| 9 (RLIN) |
21219 |
| 650 #4 - ASIENTO SECUNDARIO DE MATERIA - TERMINO TEMATICO |
| Término de materia o nombre geográfico como elemento de entrada |
Educación básica |
| 9 (RLIN) |
7340 |
| 650 #4 - ASIENTO SECUNDARIO DE MATERIA - TERMINO TEMATICO |
| Término de materia o nombre geográfico como elemento de entrada |
Aprendizaje en equipo (Educación) |
| 9 (RLIN) |
13722 |
| 653 0# - TERMINO DE INDIZACION - NO CONTROLADO |
| Término no controlado |
Trabajo colaborativo |
| 653 0# - TERMINO DE INDIZACION - NO CONTROLADO |
| Término no controlado |
Percepción docente |
| 773 ## - ENLACE AL DOCUMENTO FUENTE/ENTRADA DE REGISTRO ANFITRIÓN |
| Parte(s) relacionada(s) |
Vol. 15, no. 2 (2015), p. 184-195 |
| Título |
Etic@net. Revista científica electrónica de educación y comunicación en la sociedad del conocimiento |
| Número Internacional Normalizado para Publicaciones Seriadas |
1695-324X |
| 856 4# - LOCALIZACIÓN Y ACCESO ELECTRÓNICOS |
| Identificador Uniforme del Recurso |
<a href="https://revistaseug.ugr.es/index.php/eticanet/issue/view/781">https://revistaseug.ugr.es/index.php/eticanet/issue/view/781</a> |
| 856 4# - LOCALIZACIÓN Y ACCESO ELECTRÓNICOS |
| Identificador Uniforme del Recurso |
<a href="https://doi.org/10.30827/eticanet.v15i2.11949">https://doi.org/10.30827/eticanet.v15i2.11949</a> |
| 902 ## - ELEMENTOS DE DATOS B LOCAL, LDB (RLIN) |
| Creó |
Gloria Jiménez/210325 |
| 905 ## - TIPO DE MATERIAL |
| Tipo de material |
Articulo |
| 942 ## - ELEMENTOS DE PUNTO DE ACCESO ADICIONAL (KOHA) |
| Tipo de ítem Koha |
Artículo Electrónico |